Bundesstaaten des Deutschen Kaiserreichs - Statistiken

Allgemein
  • Dieses Quiz wurde 55 mal gespielt
  • Das Durchschnittsergebnis liegt bei 15 aus 26
Antwortstatistiken
Hint Antwort % Korrekt
1 Preussen
100%
1 Bayern
96%
1 Hamburg
94%
1 Württemberg
94%
1 Baden
92%
1 Bremen
92%
1 Sachsen
92%
1 Lübeck
83%
1 Hessen
77%
1 Anhalt
69%
1 Schaumburg-Lippe
67%
1 Lippe
65%
1 Elsass-Lothringen
58%
1 Oldenburg
58%
1 Braunschweig
54%
1 Mecklenburg-Schwerin
48%
1 Sachsen-Coburg und Gotha
42%
1 Mecklenburg-Strelitz
40%
1 Sachsen-Meiningen
29%
1 Sachsen-Weimar-Eisenach
29%
1 Schwarzburg-Rudolstadt
27%
1 Sachsen-Altenburg
25%
1 Schwarzburg-Sondershausen
25%
1 Waldeck und Pyrmont
23%
1 Reuss älterer Linie
19%
1 Reuss jüngerer Linie
19%
Keine übereinstimmenden Quizze gefunden
Verteilung der Resultate
Anzahl Personen mit jedem Resultat
Perzentil nach korrekt beantworteten Fragen
Ihre Resultats-Entwicklung
Sie haben dieses Quiz noch nicht gespielt